Faktory ovplyvňujúce materiálnu depriváciu na Slovensku diplomová práca

Guardado en:
Detalles Bibliográficos
Autor principal: Petrová, Zuzana
Autor Corporativo: Fakulta hospodárskej informatiky EU. Katedra štatistiky
Otros Autores: Vojtková, Mária, 1966-
Formato: Libro
Lenguaje:eslovaco
Publicado: Bratislava 2015
Etiquetas: Agregar Etiqueta
Sin Etiquetas, Sea el primero en etiquetar este registro!

MARC

LEADER 00000nbm a2200000 4500
001 0201611
005 20161212112531.6
041 0 |a slo 
044 |a SK 
245 1 0 |a Faktory ovplyvňujúce materiálnu depriváciu na Slovensku  |b diplomová práca  |c Zuzana Petrová ; školiteľ: Mária Vojtková 
264 1 |a Bratislava  |c 2015 
300 |a 75 s. 
100 1 |a Petrová, Zuzana 
700 1 |a Vojtková, Mária, 1966- 
710 2 |a Fakulta hospodárskej informatiky EU. Katedra štatistiky